000 00607nam a22002057a 4500
003 OSt
005 20140310183100.0
008 130301t xxu||||| |||| 00| 0 eng d
020 _a9789715847889
050 _aQD 45
_b.Oc15 2008
082 _aFIL 547.07802
_bOc15 2008
245 _aGeneral chemistry :
_blaboratory manual and workbook for the health sciences /
_cOcenar, Maria Milagrosa M.
260 _aQuezon City :
_bC & E Publishing, Inc.,
_c2008
300 _a122 p.
_c25 cm.
521 _acollege students
526 _c1210L-1700L
541 _j1
562 _e1
942 _2lcc
_cBK
_kFIL
999 _c18723
_d18723